[Event "Unilog-Integrata GM"]
[Site "Griesheim GER"]
[Date "2002.01.31"]
[EventDate "2002.01.23"]
[Round "9"]
[Result "0-1"]
[White "Gennadi Ginsburg"]
[Black "Arkadij Naiditsch"]
[WhiteElo "2493"]
[BlackElo "2532"]
[PlyCount "80"]

1. e4 c5 2. Nf3 d6 3. d4 cxd4 4. Nxd4 Nf6 5. f3 e5 6. Bb5+
Nbd7 7. Nf5 a6 8. Bxd7+ Qxd7 9. c4 Qc6 10. Ne3 Be6 11. Nc3 b5
12. cxb5 axb5 13. O-O Be7 14. Rf2 O-O 15. Qd3 Rfb8 16. b4 Bd8
17. Kh1 Bc4 18. Nxc4 bxc4 19. Qb1 Bb6 20. Rc2 Bd4 21. Bg5 Nd7
22. a3 Nb6 23. Raa2 h6 24. Bd2 Ra7 25. Qf1 Rba8 26. Bc1 Rc8
27. h3 f5 28. Qe2 fxe4 29. fxe4 Rf7 30. Be3 Bxc3 31. Rxc3 Na4
32. Rc1 Qxe4 33. Bg1 Qc6 34. Rac2 Rf4 35. Bh2 Rd4 36. Bg1 Re4
37. Qf3 d5 38. Rd1 c3 39. Qf5 Rf8 40. b5 Qe8 0-1

[Event "Germany ch"]
[Site "?"]
[Date "2002.11.27"]
[EventDate "?"]
[Round "6"]
[Result "1-0"]
[White "Arkadij Naiditsch"]
[Black "Robert Huebner"]
[WhiteElo "2665"]
[BlackElo "2640"]
[PlyCount "89"]

1. e4 e6 2. d4 d5 3. Nd2 c5 4. exd5 Qxd5 5. Ngf3 cxd4 6. Bc4
Qd8 7. O-O Nc6 8. Nb3 Nf6 9. Nbxd4 Nxd4 10. Nxd4 a6 11. Re1
Bc5 12. Be3 O-O 13. Bb3 Qc7 14. c3 Bd6 15. h3 b6 16. Bg5 Bb7
17. Bc2 Bh2+ 18. Kh1 Bf4 19. Bxf6 gxf6 20. Rxe6 fxe6 21. Nxe6
Qe7 22. Nxf4 Rad8 23. Qg4+ Kh8 24. Qh4 Rg8 25. f3 Rg5 26. Ng6+
Rxg6 27. Bxg6 Qg7 28. Bf5 Rd2 29. Qg4 Bd5 30. b3 Bf7 31. c4
Qxg4 32. hxg4 a5 33. a4 Kg7 34. Rc1 Rb2 35. c5 bxc5 36. Rxc5
Rxb3 37. Rxa5 Bg6 38. Rb5 Ra3 39. a5 Ra2 40. Kh2 Kh6 41. Kg3
Ra4 42. Rc5 Ra2 43. Bc8 Ra3 44. a6 Bd3 45. Rc7 1-0

[Event "Bad Zwesten op"]
[Site "Bad Zwesten"]
[Date "2002.01.07"]
[EventDate "2002.01.04"]
[Round "6"]
[Result "1/2-1/2"]
[White "Christian Bauer"]
[Black "Arkadij Naiditsch"]
[WhiteElo "2578"]
[BlackElo "2532"]
[PlyCount "77"]

1. d4 Nf6 2. c4 e6 3. Nf3 Bb4+ 4. Bd2 Qe7 5. g3 Nc6 6. Bg2
Bxd2+ 7. Nbxd2 d6 8. Nf1 O-O 9. Ne3 e5 10. O-O Ng4 11. Nd5 Qd8
12. h3 Nh6 13. Rc1 f6 14. b4 Nf7 15. e3 Be6 16. b5 Na5 17. Nd2
a6 18. a4 c6 19. bxc6 bxc6 20. Nb4 Qc8 21. Kh2 Rb8 22. Nd3 c5
23. dxc5 dxc5 24. Ne4 Nb7 25. Nc3 Nfd6 26. Nd5 Qd8 27. Qc2 Rf7
28. Rfd1 Rd7 29. Rb1 Kh8 30. Qc3 h6 31. Nb6 Re7 32. a5 Rc7
33. Bxb7 Rbxb7 34. Nxe5 fxe5 35. Qxe5 Qf8 36. Qxe6 Qxf2+
37. Kh1 Qf3+ 38. Kh2 Qf2+ 39. Kh1 1/2-1/2

[Event "4th IECC"]
[Site "Istanbul TUR"]
[Date "2003.06.01"]
[EventDate "2003.05.30"]
[Round "3"]
[Result "1-0"]
[White "Ennio Arlandi"]
[Black "Arkadij Naiditsch"]
[WhiteElo "2456"]
[BlackElo "2588"]
[PlyCount "63"]

1. d4 Nf6 2. c4 e6 3. Nc3 Bb4 4. Qc2 c5 5. dxc5 Qc7 6. Nf3
Bxc5 7. g3 Qb6 8. e3 Be7 9. Bg2 d6 10. O-O a6 11. b3 Qc7
12. Nd4 Nbd7 13. Bb2 Rb8 14. Qe2 O-O 15. g4 Ne5 16. g5 Ne8
17. f4 Nc6 18. Nf3 b5 19. cxb5 axb5 20. Nxb5 Qb6 21. Rfc1 Ba6
22. a4 d5 23. Nfd4 Na7 24. Bf1 Nd6 25. Qe1 Bxb5 26. axb5 Ndxb5
27. Ra5 Nd6 28. Ba3 Ndc8 29. Bxe7 Nxe7 30. Ra6 Qb7 31. Qa5
Nac8 32. Bb5 1-0

[Event "4th IECC"]
[Site "Istanbul TUR"]
[Date "2003.06.02"]
[EventDate "2003.05.30"]
[Round "4"]
[Result "1/2-1/2"]
[White "Arkadij Naiditsch"]
[Black "Kaido Kulaots"]
[WhiteElo "2588"]
[BlackElo "2514"]
[PlyCount "98"]

1. e4 c5 2. Nf3 d6 3. d4 cxd4 4. Nxd4 Nf6 5. Nc3 a6 6. Be3 e6
7. f3 b5 8. g4 b4 9. Nce2 h6 10. c4 Nbd7 11. h4 Qc7 12. Bh3 e5
13. Nf5 g6 14. Nfg3 Nc5 15. Qd2 Be6 16. b3 a5 17. Bg2 Rb8
18. O-O Nfd7 19. g5 hxg5 20. hxg5 Be7 21. Rab1 Qb6 22. Rf2 a4
23. Nc1 axb3 24. axb3 Qa5 25. Nd3 Nxd3 26. Qxd3 Nc5 27. Qd2
Bd7 28. Ne2 Bc6 29. Nc1 Rh5 30. Nd3 Ne6 31. c5 Bxg5 32. Bxg5
Rxg5 33. f4 Rxg2+ 34. Rxg2 Bxe4 35. Rh2 Bxd3 36. Rc1 e4
37. Rh8+ Nf8 38. f5 Qd8 39. Qh6 Kd7 40. fxg6 Qf6 41. Qh3+ Ne6
42. Rxb8 Qg5+ 43. Kh2 Qxc1 44. g7 Qd2+ 45. Qg2 e3 46. Re8 Qf2
47. c6+ Kc7 48. Rxe6 Qh4+ 49. Kg1 Qe1+ 1/2-1/2

[Event "4th IECC"]
[Site "Istanbul TUR"]
[Date "2003.06.11"]
[EventDate "2003.05.30"]
[Round "11"]
[Result "1-0"]
[White "Arkadij Naiditsch"]
[Black "Dennis De Vreugt"]
[WhiteElo "2588"]
[BlackElo "2503"]
[PlyCount "51"]

1. e4 e5 2. Nf3 Nc6 3. Bb5 a6 4. Ba4 Nf6 5. O-O b5 6. Bb3 Bc5
7. a4 Rb8 8. c3 d6 9. d4 Bb6 10. axb5 axb5 11. Na3 O-O
12. Nxb5 Bg4 13. Ra3 exd4 14. cxd4 Re8 15. Re1 d5 16. e5 Ne4
17. Be3 Na5 18. Ba2 c6 19. Nc3 Bc7 20. Nxe4 dxe4 21. Bg5 Qd7
22. Rxe4 Rxb2 23. Bc1 Bxf3 24. Qxf3 Rb4 25. Bd2 Rb5 26. Rae3
1-0

[Event "4th IECC"]
[Site "Istanbul TUR"]
[Date "2003.06.03"]
[EventDate "2003.05.30"]
[Round "5"]
[Result "1/2-1/2"]
[White "Pablo San Segundo Carrillo"]
[Black "Arkadij Naiditsch"]
[WhiteElo "2515"]
[BlackElo "2588"]
[PlyCount "78"]

1. d4 Nf6 2. c4 e6 3. Nf3 b6 4. Nc3 Bb7 5. a3 d5 6. Qc2 Be7
7. cxd5 Nxd5 8. Nxd5 exd5 9. g3 O-O 10. Bg2 Nd7 11. O-O Bf6
12. b4 Re8 13. Bb2 c6 14. Rfc1 Qe7 15. e3 a5 16. bxa5 Rxa5
17. a4 Rea8 18. Ne1 c5 19. Bc3 R5a7 20. Nd3 cxd4 21. Bxd4 Bxd4
22. exd4 Nf6 23. Qb3 Qd6 24. Ne5 h5 25. Bf1 Ne4 26. Bb5 Qf6
27. Rc2 Nd6 28. Rac1 Nc4 29. Bxc4 dxc4 30. Rxc4 Qe6 31. Qd1
Qd5 32. f3 f6 33. Nc6 Bxc6 34. Rxc6 Rxa4 35. Rc8+ Kh7 36. Qd3+
f5 37. Rxa8 Rxa8 38. Rb1 Ra4 39. Rb5 Qxd4+ 1/2-1/2

[Event "4th IECC"]
[Site "Istanbul TUR"]
[Date "2003.05.30"]
[EventDate "2003.05.30"]
[Round "1"]
[Result "1/2-1/2"]
[White "Helgi Olafsson"]
[Black "Arkadij Naiditsch"]
[WhiteElo "2473"]
[BlackElo "2588"]
[PlyCount "42"]

1. d4 Nf6 2. c4 e6 3. Nf3 b6 4. g3 Ba6 5. Nbd2 Bb7 6. Bg2 c5
7. e4 cxd4 8. Nxd4 d6 9. O-O Qd7 10. a4 Nc6 11. Nxc6 Bxc6
12. a5 Rb8 13. axb6 axb6 14. Re1 b5 15. cxb5 Bxb5 16. Nb1 Be7
17. Nc3 Bc6 18. e5 dxe5 19. Qxd7+ Bxd7 20. Rxe5 O-O 21. Rea5
Bb4 1/2-1/2

[Event "4th IECC"]
[Site "Istanbul TUR"]
[Date "2003.05.31"]
[EventDate "2003.05.30"]
[Round "2"]
[Result "1-0"]
[White "Arkadij Naiditsch"]
[Black "Friedrich Karl Volkmann"]
[WhiteElo "2588"]
[BlackElo "2435"]
[PlyCount "89"]

1. e4 e5 2. Nf3 Nf6 3. Nxe5 Nxe4 4. Qe2 Qe7 5. Qxe4 d6 6. d4
dxe5 7. dxe5 Nc6 8. Bb5 Bd7 9. Nc3 Qb4 10. Bc4 O-O-O 11. a3
Qa5 12. Bxf7 Nxe5 13. b4 Bxb4 14. Qxb4 Qxb4 15. axb4 Nxf7
16. Rxa7 Rhe8+ 17. Be3 Bf5 18. Ra2 Re6 19. Nb5 Rd5 20. c4 Rd3
21. Ra8+ Kd7 22. O-O Re4 23. Rg8 Rxc4 24. Rxg7 Bg6 25. Bc1
Rxb4 26. Na3 Ke6 27. f4 Kf6 28. Rg8 h5 29. h3 h4 30. Nc2 Rb1
31. Ne3 Nh6 32. Ng4+ Nxg4 33. hxg4 Be4 34. Re8 Bc6 35. Re2 Rg3
36. Bb2+ Rxb2 37. Rxb2 h3 38. g5+ Kf5 39. Rc2 hxg2 40. Rff2
Bd5 41. Rxc7 Rd3 42. Rxg2 Kxf4 43. Rd7 Bxg2 44. Rxd3 Bc6
45. g6 1-0

[Event "Wijk aan Zee"]
[Site "Wijk aan Zee NED"]
[Date "2003.01.11"]
[EventDate "2003.01.14"]
[Round "1"]
[Result "0-1"]
[White "Viktorija Cmilyte"]
[Black "Arkadij Naiditsch"]
[WhiteElo "2452"]
[BlackElo "2585"]
[PlyCount "78"]

1. d4 Nf6 2. c4 e6 3. Nf3 b6 4. a3 Ba6 5. Qc2 Bb7 6. Nc3 c5
7. e4 cxd4 8. Nxd4 Bc5 9. Nb3 Nc6 10. Bg5 h6 11. Bh4 Nd4
12. Nxd4 Bxd4 13. Bd3 Qb8 14. Bg3 Be5 15. O-O-O O-O 16. Kb1 d6
17. Ne2 Bxg3 18. hxg3 b5 19. cxb5 Rc8 20. Nc3 d5 21. Qe2 dxe4
22. Nxe4 Nxe4 23. Bxe4 Bxe4+ 24. Qxe4 Qxb5 25. Rd4 Rab8
26. Rb4 Qc5 27. Rxb8 Rxb8 28. Qf4 e5 29. Qf3 e4 30. Qf4 Qb6
31. Qd2 Rd8 32. Qe2 f5 33. Rc1 Kh8 34. Ka1 Rd3 35. g4 Qb5
36. Rc2 Qd5 37. Rc8+ Kh7 38. Kb1 f4 39. Re8 Rd4 0-1

[Event "Wijk aan Zee"]
[Site "Wijk aan Zee NED"]
[Date "2003.01.12"]
[EventDate "2003.01.14"]
[Round "2"]
[Result "1/2-1/2"]
[White "Arkadij Naiditsch"]
[Black "Ian Rogers"]
[WhiteElo "2585"]
[BlackElo "2569"]
[PlyCount "80"]

1. e4 e5 2. Nf3 Nc6 3. Bb5 a6 4. Ba4 Nf6 5. O-O Nxe4 6. d4 b5
7. Bb3 d5 8. dxe5 Be6 9. Nbd2 Nc5 10. c3 d4 11. Ng5 Qxg5
12. Qf3 O-O-O 13. Bxe6+ fxe6 14. Qxc6 Qxe5 15. b4 Qd5 16. Qxd5
exd5 17. bxc5 dxc3 18. Nb3 d4 19. Ba3 Rd5 20. Rfd1 Be7
21. Rxd4 Rxd4 22. Nxd4 Bf6 23. Nb3 Re8 24. Bb4 Re4 25. a3 c2
26. Rc1 Rc4 27. Kf1 Bb2 28. Ke2 Bxc1 29. Nxc1 Rd4 30. Bc3 Rd1
31. Bd2 Kd7 32. Kd3 Kc6 33. Kxc2 Rg1 34. g3 Kxc5 35. Nd3+ Kc4
36. Bc3 g6 37. Ne5+ Kd5 38. Ng4 c5 39. h4 Rh1 40. Kd3 Rd1+
1/2-1/2

[Event "Wijk aan Zee"]
[Site "Wijk aan Zee NED"]
[Date "2003.01.14"]
[EventDate "2003.01.14"]
[Round "3"]
[Result "1/2-1/2"]
[White "John van der Wiel"]
[Black "Arkadij Naiditsch"]
[WhiteElo "2509"]
[BlackElo "2585"]
[PlyCount "77"]

1. e4 c5 2. Nf3 d6 3. d4 cxd4 4. Nxd4 Nf6 5. Nc3 a6 6. h3 e6
7. g4 d5 8. exd5 Nxd5 9. Bd2 Bc5 10. Nb3 Ba7 11. Bg2 O-O
12. Qf3 Bd7 13. Nxd5 Bc6 14. c4 exd5 15. cxd5 Re8+ 16. Be3
Bxe3 17. fxe3 Qh4+ 18. Kf1 Bb5+ 19. Kg1 Nd7 20. Nd4 Bd3
21. Rd1 Be4 22. Qf4 Nc5 23. Nf5 Qf6 24. b4 Bxg2 25. Kxg2 Qb2+
26. Kf3 Ne4 27. Rh2 Qc3 28. Rd4 g5 29. Qxe4 Rxe4 30. Rxe4 Qc1
31. Rd4 Kf8 32. Rhd2 Qh1+ 33. Kg3 Qg1+ 34. Rg2 Qe1+ 35. Kh2
Qc1 36. d6 Rd8 37. Rgd2 Rd7 38. Kg2 f6 39. Rd1 1/2-1/2

[Event "Wijk aan Zee"]
[Site "Wijk aan Zee NED"]
[Date "2003.01.16"]
[EventDate "2003.01.14"]
[Round "5"]
[Result "1-0"]
[White "Daniel Stellwagen"]
[Black "Arkadij Naiditsch"]
[WhiteElo "2427"]
[BlackElo "2585"]
[PlyCount "59"]

1. e4 c5 2. Nf3 d6 3. d4 cxd4 4. Nxd4 Nf6 5. Nc3 a6 6. Bc4 e6
7. Bb3 b5 8. Bg5 Be7 9. Qf3 Qc7 10. e5 Bb7 11. exd6 Bxd6
12. Qe3 h6 13. Bxf6 gxf6 14. Bxe6 fxe6 15. Nxe6 Qe7 16. O-O-O
Kf7 17. Rhe1 Be5 18. f4 Qxe6 19. fxe5 Qxe5 20. Qb6 Qf4+
21. Kb1 Bc6 22. g3 Qf5 23. Qc7+ Bd7 24. g4 Qf3 25. Nd5 Rc8
26. Qd6 Bxg4 27. Re7+ Kg6 28. Nf4+ Qxf4 29. Qxf4 Bxd1 30. Qe4+
1-0

[Event "Wijk aan Zee"]
[Site "Wijk aan Zee NED"]
[Date "2003.01.20"]
[EventDate "2003.01.14"]
[Round "8"]
[Result "1-0"]
[White "Arkadij Naiditsch"]
[Black "Koneru Humpy"]
[WhiteElo "2585"]
[BlackElo "2496"]
[PlyCount "55"]

1. e4 e5 2. Nf3 Nf6 3. Nxe5 d6 4. Nf3 Nxe4 5. Nc3 Nf6 6. d4
Be7 7. Bd3 Bg4 8. h3 Bh5 9. Be3 d5 10. a3 c6 11. g4 Bg6
12. Ne5 Bxd3 13. Qxd3 Nfd7 14. O-O-O O-O 15. f4 b5 16. h4 f6
17. Nf3 b4 18. axb4 Bxb4 19. Nb1 Re8 20. h5 Qe7 21. Bd2 Bxd2+
22. Nbxd2 Qe3 23. Rhe1 Qxd3 24. Rxe8+ Kf7 25. Rde1 Qe4
26. Nxe4 Kxe8 27. Nxf6+ Kf7 28. Ng5+ 1-0

[Event "Wijk aan Zee"]
[Site "Wijk aan Zee NED"]
[Date "2003.01.21"]
[EventDate "2003.01.14"]
[Round "9"]
[Result "1-0"]
[White "Harmen Jonkman"]
[Black "Arkadij Naiditsch"]
[WhiteElo "2436"]
[BlackElo "2585"]
[PlyCount "73"]

1. e4 c5 2. c3 d5 3. exd5 Qxd5 4. d4 Nf6 5. Nf3 Bg4 6. dxc5
Qxc5 7. h3 Bh5 8. Na3 a6 9. Be3 Qc7 10. Nc4 Nbd7 11. g4 Bg6
12. g5 Ne4 13. Nh4 e6 14. Qf3 Nec5 15. Nxg6 hxg6 16. O-O-O Rh4
17. Rd4 Rxd4 18. cxd4 Na4 19. Bf4 Qc8 20. Kb1 Nab6 21. Ne3 Qc6
22. Bg2 Qb5 23. Qd1 Nc8 24. Re1 Bd6 25. a4 Qb4 26. Nd5 Qa5
27. Bd2 Qd8 28. h4 Kf8 29. h5 exd5 30. hxg6 Ne7 31. gxf7 g6
32. Bxd5 Qb6 33. Be6 Rd8 34. Qg4 Nf5 35. Bxf5 gxf5 36. Qh5
Qxd4 37. Re8+ 1-0

[Event "Wijk aan Zee"]
[Site "Wijk aan Zee NED"]
[Date "2003.01.24"]
[EventDate "2003.01.14"]
[Round "11"]
[Result "0-1"]
[White "Arkadij Naiditsch"]
[Black "Peter Acs"]
[WhiteElo "2585"]
[BlackElo "2623"]
[PlyCount "110"]

1. e4 c5 2. Nf3 d6 3. d4 cxd4 4. Nxd4 Nf6 5. Nc3 Nc6 6. Bg5 e6
7. Qd2 a6 8. O-O-O Bd7 9. f3 Be7 10. h4 h6 11. Be3 h5 12. Bg5
Qc7 13. Kb1 Ne5 14. f4 Neg4 15. g3 b5 16. Bg2 b4 17. Nce2 Nf2
18. e5 Rc8 19. exf6 gxf6 20. Bh6 Nxh1 21. Bxh1 Rxh6 22. f5 Bf8
23. fxe6 fxe6 24. Nf4 e5 25. Nfe6 Bxe6 26. Nxe6 Qe7 27. Bd5 f5
28. Ng5 a5 29. Bb3 Rc5 30. Qe2 Qd7 31. Rf1 e4 32. Bf7+ Ke7
33. Bg8 Bg7 34. Qe3 Kf8 35. Bf7 a4 36. Qd2 Ke7 37. Bd5 Qb5
38. Rd1 Be5 39. Bg8 Qb8 40. Bd5 Rf6 41. Nh7 Rg6 42. Ng5 Qb5
43. Bf7 Rg7 44. Qf2 Bf6 45. Qd2 Be5 46. Qf2 Rxf7 47. Nxf7 Kxf7
48. Qxf5+ Ke7 49. Rf1 Kd8 50. Qg5+ Kc7 51. Rf8 Kb7 52. Qd8 Qa6
53. Rf7+ Kc6 54. Qe8+ Kd5 55. Qg8 Rc8 0-1

[Event "Wijk aan Zee"]
[Site "Wijk aan Zee NED"]
[Date "2003.01.25"]
[EventDate "2003.01.14"]
[Round "12"]
[Result "0-1"]
[White "Dennis De Vreugt"]
[Black "Arkadij Naiditsch"]
[WhiteElo "2504"]
[BlackElo "2585"]
[PlyCount "66"]

1. e4 c5 2. Nf3 d6 3. d4 cxd4 4. Nxd4 Nf6 5. Nc3 a6 6. Be3 e5
7. Nb3 Be6 8. f3 Nbd7 9. g4 b5 10. g5 b4 11. Ne2 Nh5 12. Qd2
a5 13. Ng3 Nxg3 14. hxg3 a4 15. Nc1 Qa5 16. Bh3 Bxh3 17. Rxh3
Nb6 18. Bxb6 Qxb6 19. Ne2 Rc8 20. O-O-O Be7 21. Kb1 b3
22. cxb3 axb3 23. Nc3 bxa2+ 24. Ka1 Qb3 25. Rhh1 Rc5 26. f4
Kd7 27. Rhe1 Rb8 28. Re3 Ke8 29. Rd3 Bd8 30. Rxd6 Ba5 31. Rd3
Rc4 32. Rc1 Rd4 33. Rc2 Rbd8 0-1

[Event "Wijk aan Zee"]
[Site "Wijk aan Zee NED"]
[Date "2003.01.26"]
[EventDate "2003.01.14"]
[Round "13"]
[Result "1-0"]
[White "Arkadij Naiditsch"]
[Black "Friso Nijboer"]
[WhiteElo "2585"]
[BlackElo "2553"]
[PlyCount "81"]

1. e4 c5 2. Nf3 Nc6 3. d4 cxd4 4. Nxd4 Nf6 5. Nc3 e5 6. Ndb5
d6 7. Nd5 Nxd5 8. exd5 Nb8 9. c4 Be7 10. Bd3 a6 11. Nc3 O-O
12. O-O f5 13. f3 Bg5 14. Bxg5 Qxg5 15. f4 exf4 16. Qe2 Kh8
17. Rae1 Nd7 18. Qe6 Qf6 19. Qxf6 Nxf6 20. Na4 Rb8 21. Nb6 Nd7
22. Nxd7 Bxd7 23. Re7 Rbd8 24. Rfe1 a5 25. Kf2 Kg8 26. Kf3 Rf7
27. Kxf4 Rxe7 28. Rxe7 Kf8 29. Re3 g6 30. Kg5 Kf7 31. Kh6 Kf6
32. h4 a4 33. Kxh7 Rf8 34. Rf3 Rf7+ 35. Kg8 Rg7+ 36. Kh8 g5
37. Bxf5 Bxf5 38. Rxf5+ Kxf5 39. Kxg7 gxh4 40. Kf7 Kf4 41. c5
1-0

[Event "4th IECC"]
[Site "Istanbul TUR"]
[Date "2003.06.05"]
[EventDate "2003.05.30"]
[Round "6"]
[Result "1/2-1/2"]
[White "Arkadij Naiditsch"]
[Black "Nicolai Vesterbaek Pedersen"]
[WhiteElo "2588"]
[BlackElo "2508"]
[PlyCount "81"]

1. e4 e5 2. Nf3 Nc6 3. Bb5 Nf6 4. d3 Bc5 5. O-O d6 6. c3 Bd7
7. Bg5 h6 8. Bh4 g5 9. Bg3 Bb6 10. Nbd2 h5 11. h4 g4 12. Ne1
Ne7 13. a4 c6 14. Bc4 Ng6 15. Ba2 d5 16. d4 exd4 17. exd5 cxd5
18. cxd4 O-O 19. Nd3 Bxd4 20. Nf4 Bb6 21. Nxg6 fxg6 22. Ne4
Kg7 23. Bxd5 Bxa4 24. Rxa4 Qxd5 25. Nxf6 Qxd1 26. Rxd1 Kxf6
27. Rd7 Rad8 28. Rxb7 Rd1+ 29. Kh2 Rd5 30. Re4 Rf7 31. Rb8 Re7
32. Rc4 Rf5 33. Rc2 Kg7 34. Rbc8 Kf7 35. Rh8 Kg7 36. Rcc8 Bxf2
37. Rhg8+ Kh7 38. Rh8+ Kg7 39. Rhg8+ Kh7 40. Rh8+ Kg7
41. Rhg8+ 1/2-1/2

[Event "4th IECC"]
[Site "Istanbul TUR"]
[Date "2003.06.06"]
[EventDate "2003.05.30"]
[Round "7"]
[Result "1-0"]
[White "Aleksandr Shneider"]
[Black "Arkadij Naiditsch"]
[WhiteElo "2497"]
[BlackElo "2588"]
[PlyCount "25"]

1. d4 Nf6 2. c4 e6 3. Nf3 Bb4+ 4. Bd2 Qe7 5. g3 Nc6 6. Nc3
Bxc3 7. Bxc3 Ne4 8. Rc1 d6 9. d5 Nxc3 10. Rxc3 Nb8 11. dxe6
fxe6 12. Bg2 O-O 13. Nd4 1-0

[Event "4th YM"]
[Site "Lausanne SUI"]
[Date "2003.09.17"]
[EventDate "2003.09.17"]
[Round "1.1"]
[Result "1-0"]
[White "Arkadij Naiditsch"]
[Black "Sergey Karjakin"]
[WhiteElo "2574"]
[BlackElo "2560"]
[PlyCount "121"]

1. e4 c5 2. Nf3 d6 3. d4 cxd4 4. Nxd4 Nf6 5. Nc3 a6 6. Be3 e5
7. Nb3 Be6 8. Be2 Be7 9. O-O O-O 10. Qd2 Nbd7 11. a4 Rc8
12. Rfd1 Qc7 13. a5 Rfd8 14. Qe1 h6 15. Rd2 Nc5 16. Nxc5 dxc5
17. Rxd8+ Rxd8 18. b3 Qc6 19. Ra4 Rd4 20. f3 Rxa4 21. Nxa4 c4
22. Qc3 Qb5 23. Bd2 Nd7 24. Bxc4 Bxc4 25. Qxc4 Qxc4 26. bxc4
f6 27. Kf1 Kf7 28. Ke2 Ke6 29. g4 Nb8 30. h4 Nc6 31. Bc3 g5
32. h5 Kd6 33. Nb6 Ke6 34. Nd5 Bc5 35. Kd3 Kf7 36. Bd2 Bf8
37. Bc3 Bc5 38. Kd2 Ke6 39. Kc1 Ba3+ 40. Kb1 Bc5 41. Ka2 Kf7
42. Kb3 Ke6 43. Ka4 Kf7 44. Bd2 Bf2 45. Be3 Be1 46. c3 Ke6
47. Bb6 Bd2 48. Kb3 Kf7 49. Kc2 Bf4 50. Nb4 Nb8 51. Nd3 Nd7
52. Ba7 Ke6 53. c5 Ke7 54. Nb4 Ke6 55. c6 bxc6 56. Nxa6 Kd6
57. Nb8 Nf8 58. Bb6 Ne6 59. a6 Nc7 60. Bxc7+ Kxc7 61. a7 1-0

[Event "19th ECC 2003"]
[Site "?"]
[Date "2003.09.28"]
[EventDate "?"]
[Round "1.18"]
[Result "1-0"]
[White "Charles A Cobb"]
[Black "Arkadij Naiditsch"]
[WhiteElo "2393"]
[BlackElo "2574"]
[PlyCount "105"]

1. c4 e5 2. Nc3 Bb4 3. Qc2 c6 4. Nf3 Qe7 5. a3 Ba5 6. d4 d6
7. b4 Bc7 8. e4 a5 9. Rb1 axb4 10. axb4 Bg4 11. dxe5 dxe5
12. Be2 Nf6 13. O-O O-O 14. Be3 Nbd7 15. h3 Bxf3 16. Bxf3 Rfd8
17. Na4 Nf8 18. b5 Ne6 19. b6 Bb8 20. c5 Nd4 21. Bxd4 exd4
22. Nb2 Ra3 23. Nd3 Nd7 24. Rb3 Rxb3 25. Qxb3 Nxc5 26. Qa3 Bd6
27. e5 Nxd3 28. exd6 Qxd6 29. Qxd3 Qc5 30. Rb1 g6 31. Be4 Re8
32. Qc2 Qa5 33. g3 Re6 34. Kg2 c5 35. Bxb7 Rxb6 36. Rxb6 Qxb6
37. Bd5 Kg7 38. Qc4 Qc7 39. Qb5 Qe7 40. Qb3 Qf6 41. Qb5 Qd6
42. Qb7 Qf8 43. Qc7 Kg8 44. Kg1 Kg7 45. h4 Kg8 46. Be4 Kg7
47. Qe5+ f6 48. Qc7+ Kh6 49. Kh2 f5 50. Bd3 Qf6 51. Qxc5 f4
52. Qc1 Kh5 53. Be2+ 1-0

[Event "19th ECC 2003 Men"]
[Site "Rethymnon, Crete"]
[Date "2003.10.01"]
[EventDate "2003.10.01"]
[Round "4.131"]
[Result "0-1"]
[White "Yuri Boidman"]
[Black "Arkadij Naiditsch"]
[WhiteElo "2407"]
[BlackElo "2574"]
[PlyCount "62"]

1. e4 c5 2. Nf3 d6 3. d4 cxd4 4. Qxd4 a6 5. Be3 Nc6 6. Qb6
Qxb6 7. Bxb6 Nf6 8. Nc3 Bg4 9. O-O-O g6 10. Be2 Bh6+ 11. Kb1
O-O 12. Rhe1 Rac8 13. h3 Bxf3 14. Bxf3 Ne5 15. Bg4 Nexg4
16. hxg4 Nxg4 17. Nd5 Rfe8 18. Nc7 Nxf2 19. Rd4 Rf8 20. Nd5
Bg5 21. e5 h5 22. exd6 exd6 23. a4 Rfe8 24. Rxe8+ Rxe8 25. Rb4
Ne4 26. Ka2 Nf6 27. Nxf6+ Bxf6 28. Bc7 Re2 29. Kb3 a5 30. Rxb7
Rxg2 31. Rb6 h4 0-1

[Event "19th ECC 2003 Men"]
[Site "Rethymnon, Crete"]
[Date "2003.10.02"]
[EventDate "2003.10.02"]
[Round "5.71"]
[Result "1-0"]
[White "Evgeny Bareev"]
[Black "Arkadij Naiditsch"]
[WhiteElo "2721"]
[BlackElo "2574"]
[PlyCount "81"]

1. Nf3 Nf6 2. c4 e6 3. Nc3 Bb4 4. g4 h6 5. Rg1 b6 6. Qc2 Bb7
7. a3 Be7 8. g5 hxg5 9. Nxg5 Nh5 10. d4 Nc6 11. Nf3 Bf6 12. d5
Ne5 13. Bg2 Ng6 14. Bd2 Nhf4 15. Bh1 exd5 16. cxd5 Qe7 17. Rg4
Bxc3 18. Bxc3 Bxd5 19. Bxg7 Rh3 20. Ng5 Bxh1 21. Nxh3 Nxh3
22. Qf5 Bc6 23. Bf6 Qe6 24. e4 Kf8 25. Qxe6 dxe6 26. Rc1 Bb5
27. Rxc7 Nhf4 28. Rg5 e5 29. Rc3 Nd3+ 30. Ke2 Nxb2+ 31. Kf3
Nd3 32. Ke3 Re8 33. h4 Nc5 34. h5 Nd7 35. hxg6 Nxf6 36. Rc7
Nd7 37. Rxa7 f6 38. Rg1 Re7 39. Rh1 Kg8 40. a4 Bc4 41. Rh7 1-0

[Event "European Clubs Cup (Men)"]
[Site "Rethymnon GRE"]
[Date "2003.10.03"]
[EventDate "2003.09.28"]
[Round "6"]
[Result "1/2-1/2"]
[White "Arkadij Naiditsch"]
[Black "Slavko Cicak"]
[WhiteElo "2574"]
[BlackElo "2530"]
[PlyCount "65"]

1. e4 e6 2. d4 d5 3. Nc3 dxe4 4. Nxe4 Be7 5. Nf3 Nf6 6. Nxf6+
Bxf6 7. Bd3 c5 8. dxc5 Qa5+ 9. Nd2 Nd7 10. c6 Ne5 11. Be4 Nxc6
12. O-O Qc7 13. Qh5 Nd4 14. c3 g6 15. Qd1 Nb5 16. Bc2 Nd6
17. Qf3 Bg7 18. Ne4 Nxe4 19. Bxe4 f5 20. Bc2 O-O 21. Bb3 Kh8
22. Rd1 e5 23. Qd5 f4 24. Qd6 Qxd6 25. Rxd6 Bf5 26. Bd2 Rfd8
27. Rxd8+ Rxd8 28. Rd1 g5 29. Bc1 Rxd1+ 30. Bxd1 Bd3 31. Bg4
Bf8 32. Bd2 Kg7 33. Be6 1/2-1/2

[Event "European Clubs Cup (Men)"]
[Site "Rethymnon GRE"]
[Date "2003.10.04"]
[EventDate "2003.09.28"]
[Round "7"]
[Result "1-0"]
[White "Arkadij Naiditsch"]
[Black "Lajos Portisch"]
[WhiteElo "2574"]
[BlackElo "2586"]
[PlyCount "43"]

1. e4 c5 2. Nf3 e6 3. d4 cxd4 4. Nxd4 a6 5. Bd3 d6 6. O-O Bd7
7. Kh1 Nc6 8. c3 Nf6 9. f4 Be7 10. Nd2 O-O 11. Qe2 Nxd4
12. cxd4 Bc6 13. b3 d5 14. e5 Ne4 15. Bb2 Nxd2 16. Qxd2 Bb5
17. f5 exf5 18. Rxf5 Bxd3 19. Qxd3 Qd7 20. Raf1 Rae8 21. Bc1
Qe6 22. h4 1-0

[Event "4th IECC"]
[Site "Istanbul TUR"]
[Date "2003.??.??"]
[EventDate "2003.05.30"]
[Round "12"]
[Result "1-0"]
[White "Arkadij Naiditsch"]
[Black "Vladimir Potkin"]
[WhiteElo "2588"]
[BlackElo "2522"]
[PlyCount "169"]

1. e4 e6 2. d4 d5 3. Nc3 Bb4 4. e5 Ne7 5. a3 Bxc3+ 6. bxc3 b6
7. Qg4 Ng6 8. h4 h5 9. Qd1 Ba6 10. Bxa6 Nxa6 11. Bg5 f6
12. Qd3 Kf7 13. Rh3 Nb8 14. Rf3 Nd7 15. exf6 gxf6 16. Nh3 Qe7
17. Nf4 Nxf4 18. Bxf4 c5 19. Kf1 c4 20. Qd1 Rag8 21. a4 Rg4
22. g3 a6 23. Rb1 Rc8 24. Re3 Rc6 25. f3 Rg8 26. g4 f5 27. g5
Kg6 28. Qe2 Re8 29. Ra1 Qf7 30. Qh2 Qe7 31. Re2 Qf8 32. Kg2
Qe7 33. Kh1 Qf8 34. Bc1 Qd6 35. Qxd6 Rxd6 36. Ba3 Rc6 37. Rae1
f4 38. Bb4 a5 39. Ba3 Kf5 40. g6 Rg8 41. Rg2 Rxg6 42. Reg1
Rxg2 43. Rxg2 Kf6 44. Rg5 b5 45. Rxh5 Kg6 46. Rg5+ Kf6
47. axb5 Rb6 48. Rg1 Rxb5 49. Kh2 e5 50. Kh3 exd4 51. cxd4 Rb8
52. h5 c3 53. Rg6+ Kf5 54. Kh4 Rb1 55. Rg5+ Ke6 56. Kg4 Nf6+
57. Kxf4 Rh1 58. Re5+ Kd7 59. Kg5 Nxh5 60. Rxd5+ Ke6 61. Re5+
Kd7 62. d5 Ng3 63. Kg4 Rg1 64. Bc5 Rg2 65. Re7+ Kd8 66. Kh3
Rxc2 67. Kxg3 Rb2 68. Re3 Rb3 69. Re1 a4 70. Ra1 c2 71. Rc1
Rc3 72. Bb4 Rc4 73. Ba3 Kd7 74. Kf2 Rc3 75. Bb2 Rc4 76. Ke2
Kd6 77. Kd3 Kxd5 78. Rxc2 Rf4 79. Rf2 Rb4 80. Bc3 Rb1 81. Rh2
Rd1+ 82. Bd2 a3 83. Rh5+ Ke6 84. Ra5 Ra1 85. Ke3 1-0

[Event "BEL-chT 0203"]
[Site "Belgium"]
[Date "2003.03.09"]
[EventDate "?"]
[Round "10"]
[Result "1-0"]
[White "Ralf Gommers"]
[Black "Arkadij Naiditsch"]
[WhiteElo "2342"]
[BlackElo "2585"]
[PlyCount "83"]

1. e4 c5 2. Nf3 d6 3. d4 cxd4 4. Nxd4 Nf6 5. Nc3 a6 6. Be2 e5
7. Nb3 Be7 8. O-O O-O 9. Kh1 Qc7 10. f4 b5 11. a4 b4 12. Nd5
Nxd5 13. exd5 Nd7 14. Bd2 Rb8 15. c3 Nf6 16. cxb4 Nxd5 17. b5
Qa7 18. Na5 Bd7 19. fxe5 dxe5 20. Qb3 Nf4 21. Rxf4 exf4
22. Bxf4 axb5 23. axb5 Qf2 24. Bxb8 Rxb8 25. Bc4 Kh8 26. Qd3
Be8 27. Nc6 Bxc6 28. bxc6 Qxb2 29. Rd1 Qe5 30. g3 g6 31. Bxf7
Rd8 32. Bd5 Bd6 33. Bf3 Bc7 34. Qxd8+ Bxd8 35. Rxd8+ Kg7
36. Rd7+ Kf6 37. c7 Qb5 38. Rd6+ Kg7 39. Kg2 Qf5 40. Rc6 Qc8
41. h3 h5 42. Rc2 1-0